| 000 | 00496nam a2200169 i 4500 | ||
|---|---|---|---|
| 001 | 74744 | ||
| 003 | ES-MaACL | ||
| 005 | 20250627063636.0 | ||
| 007 | t| | ||
| 008 | 040920s1925 sp ||||1| spa d | ||
| 100 | 1 |
_aGonzález Ruiz, Nicolás, _d1897-1967 _958946 |
|
| 245 | 1 | 0 |
_aEn esta hora _b: ojeada a los valores literarios / _cNicolás González Ruiz. |
| 260 |
_aMadrid : _bVoluntad, _c1925. |
||
| 300 |
_a233 p. ; _c20 cm. |
||
| 852 |
_aES-MaACL _jF-389 |
||
| 999 |
_c74744 _d74744 |
||